1749 1320 1866 1158 1662 1428 1488 1628 1804 1514 1830 1376 1228 1113 1946 1207 1000 1557 1842 1139 1486 1121 1556 1607 1801 1845 1726 1754 1457 1583 2000 1096 1318 1866 1368 1663 1572 1828 1534 1489 1556 1966 1553 1235 1585 1413 1607 1585 1162 1085 1456 1385 1533 1157 1648 1402 1979 1485 1086 1542 1537 1256 1464 1070 1292 1157 1905 1777 1756 1506 1579 1609 1275 1089 1814 1032 1585 1496 1129 1676 1722 1170 1376 1064 1881 1537 1478 1017 1239 1113 1738 1404 1434 1372 1466 1987 1882 1815 1102 BCNSPRNW ULIB Ver.6.0+V

เปลี่ยนเป็นภาษาไทย

Change to English
 แสดงรายละเอียดบรรณานุกรม
  กลับหน้าหลัก

Brief Record : Get Marc (ISO 2709) : E-mail record : QR code < ปิดหน้าต่าง
LEADER : 00000nam 2200000uu 4500
001    13399110153
003     ULIB
008    110220s2552||||th 000 0 tha d
060  4 WK202^bศ275ก 2552
110 1  กระทรวงสาธารณสุข.^bสถาบันพระบรมราชนก.^bวิทยาลัยพยาบาลบรมราชชนนี สวรรค์ประชารักษ์ นครสวรรค์.^bศูนย์ศึกษาเด็ก
245 00 การพยาบาลผู้ป่วยที่มีภาวะธัยรอยด์ฮอร์โมนต่ำ/^cศูนย์ศึกษาเด็ก วิทยาลัยพยาบาลบรมราชชนนี สวรรค์ประชารักษ์ นครสวรรค์
260    นครสวรรค์:^bวิทยาลัยพยาบาลบรมราชชนนี สวรรค์ประชารักษ์ นครสวรรค์,^c2552
300    56 หน้า
650  7 ธัยรอยด์
650  7 ธัยรอยด์ฮอร์โมนต่ำ
945    ^p0^l0^i025153
945    ^p0^l0^i025154
945    ^p0^l0^i000308
995    ทศพร
999 ^a ใช้งานได้ทุกระบบ
รายการนี้ยังไม่มีแท็ก
คุณยังไม่ได้ล็อกอิน คุณสามารถมีกิจกรรมร่วมกับเว็บไซต์ได้ แต่ต้องล็อกอินก่อน ::
  ล็อกอิน

รายการสื่อสารสนเทศ

ลำดับที่ ประเภท เลขเรียก/บาร์โค้ด สถานที่ สถานะ
1. วิทยาศาสตร์การแพทย์ และสุขภาพ
วิทยาศาสตร์การแพทย์ และสุขภาพ
WK202 ศ275ก 2552 ฉ.3 
  Barcode: 000308
ห้องสมุดวิทยาเขตสวรรค์ประชารักษ์
►ส่วนจัดเก็บหนังสือเก่า สปร
บนชั้น
  ขอยืม

รายการใกล้เคียง
    หัวเรื่อง [ธัยรอยด์]
    หัวเรื่อง [ธัยรอยด์ฮอร์โมนต่ำ]

BibComment


ยังไม่เคยถูกคอมเมนท์

คอมเมนท์ทรัพยากรรายการนี้
  คอมเมนท์: การพยาบาลผู้ป่วยท..


 Copyright 2026. Bcnsprnw @Library